|
|
|
|
| LEADER |
01669nam a2200409 a 4500 |
| 001 |
35181 |
| 003 |
BD-DhAAL |
| 005 |
20190827123259.0 |
| 008 |
190827r19961995nyuab b 000 0 eng d |
| 999 |
|
|
|c 41065
|d 41065
|
| 010 |
|
|
|a 96060201
|
| 015 |
|
|
|a GB95-74004
|
| 020 |
|
|
|a 050027858X
|
| 035 |
|
|
|a MITb10793307
|
| 035 |
|
|
|a (OCoLC)35771006
|
| 035 |
|
|
|a (OCoLC)33208262
|
| 040 |
|
|
|a DLC
|c DLC
|d UKM
|d WTU
|d MYG
|d BD-DhAAL
|
| 043 |
|
|
|a a-ce---
|
| 049 |
|
|
|a MYGG
|
| 050 |
0 |
4 |
|a NA1510.63.B38
|b A3 1995
|
| 082 |
0 |
4 |
|a 720.92
|2 20
|
| 100 |
1 |
|
|a Taylor, Brian Brace.
|9 33629
|
| 245 |
1 |
0 |
|a Geoffrey Bawa /
|c Brian Brace Taylor ; with an essay by Barbara Sansoni.
|
| 250 |
|
|
|a Revised edition
|
| 260 |
|
|
|a New York :
|b Thames and Hudson,
|c c1995 [reprinted 1996].
|
| 300 |
|
|
|a 189 pages :
|b illustrations (some colors), maps ;
|c 27 cm.
|
| 504 |
|
|
|a Includes bibliographical references (page 189).
|
| 526 |
|
|
|a ARC
|
| 541 |
|
|
|a Complimentary copy from the department of Architecture
|e 35181
|
| 600 |
1 |
0 |
|a Bawa, Geoffrey,
|d 1919-2003
|x Criticism and interpretation.
|9 33630
|
| 650 |
|
0 |
|a Architecture
|z Sri Lanka
|x History
|y 20th century.
|9 33631
|
| 650 |
|
0 |
|a Architecture
|z Sri Lanka.
|9 33632
|
| 700 |
1 |
|
|a Bawa, Geoffrey,
|d 1919-2003.
|9 33633
|
| 700 |
1 |
|
|a Sansoni, Barbara.
|9 33634
|
| 852 |
|
|
|a Department of Architecture
|c General Stacks
|
| 942 |
|
|
|2 ddc
|c BK
|
| 952 |
|
|
|0 0
|1 1
|2 ddc
|4 0
|6 720_920000000000000_TAY
|7 0
|9 66067
|a ARC
|b ARC
|c GEN
|d 2019-08-27
|e Complimentary copy
|l 0
|o 720.92 TAY
|p 3010035181
|r 2019-08-27
|t 1
|w 2019-08-27
|y BK
|x lost from the ARC department library and approved by the Dean (reasons personal books withdrawn by Hasibul Kabir Sir and Building shifting)
|